| 000 | 00505nam a2200145 4500 | ||
|---|---|---|---|
| 999 |
_c16033 _d16033 |
||
| 008 | 210209b ||||| |||| 00| 0 eng d | ||
| 022 | _a0732-8435 | ||
| 082 | _aDPer 657.05 C33 Feb - Aug 2012, v. 82 | ||
| 100 |
_aAnders, Susan. _942990 |
||
| 245 |
_aWebsite of the month: _baccountability central/ _cSusan Anders. |
||
| 260 |
_aNew York: _bThe New York State Society of CPA, _c©2012. |
||
| 300 |
_av82 n8, pages 72-73: _bcolor illustrations, _c28 cm. |
||
| 650 |
_aWeb sites. _913060 |
||
| 942 |
_2ddc _cPER |
||